| 000 | 00962nam a22002417a 4500 | ||
|---|---|---|---|
| 005 | 20240530110513.0 | ||
| 008 | 151216s2013 ua ad g b 000 0 ara d | ||
| 017 |
_a2011/19362 _bمصر . دار الكتب المصرية |
||
| 020 | _a977156544 | ||
| 040 | _aEG-CaGPL | ||
| 082 | 0 | 4 |
_221 _a362.73\ _bأ ت |
| 100 | 0 | _aايهاب عبدالخالق محمد على | |
| 245 | 1 | 2 |
_aالتوافق الاجتماعى لاطفال الشوارع / _cايهاب عبدالخالق محمد على |
| 250 | _aط1 | ||
| 260 |
_aالاسكندرية : _bدار الوفاء لدنيا الطباعة و النشر ، _c2013 . |
||
| 300 |
_a707 ص : _bجداول ؛ _c24 سم . |
||
| 504 | _aيشتمل على ارجاعات ببليوجرافية | ||
| 650 | 0 | 4 |
_aالاطفال _xقوانين و تشريعات |
| 650 | 0 | 4 | _aاطفال الشوارع |
| 650 | 0 | 4 |
_aالاطفال _xرعاية |
| 942 |
_2ddc _cBK |
||
| 999 |
_c61719 _d61719 |
||